|
|
|
|
| LEADER |
00000nam0a2200000 4500 |
| 001 |
602507 |
| 005 |
20231102022759.0 |
| 010 |
|
|
|a 9785990784796
|
| 035 |
|
|
|a (RuTPU)RU\TPU\tpu\28386
|
| 035 |
|
|
|a RU\TPU\tpu\27436
|
| 090 |
|
|
|a 602507
|
| 100 |
|
|
|a 20160520d2016 m y0rusy50 ca
|
| 101 |
0 |
|
|a rus
|
| 102 |
|
|
|a RU
|
| 105 |
|
|
|a a z 001zy
|
| 200 |
1 |
|
|a Реализация компетентностного подхода в высшей школе
|e коллективная монография
|f Н. Ф. Басов [и др.]
|g под ред. А. Ю. Нагорновой
|
| 210 |
|
|
|a Ульяновск
|c Зебра
|d 2016
|
| 215 |
|
|
|a 320 с.
|
| 320 |
|
|
|a Библиография в конце ст.
|
| 333 |
|
|
|a В фонде НТБ ТПУ отсутствует
|
| 610 |
1 |
|
|a труды учёных ТПУ
|
| 610 |
1 |
|
|a образование
|
| 610 |
1 |
|
|a педагогика
|
| 610 |
1 |
|
|a высшая школа
|
| 610 |
1 |
|
|a Российская Федерация
|
| 610 |
1 |
|
|a дидактика
|
| 610 |
1 |
|
|a профессиональное образование
|
| 701 |
|
1 |
|a Басов
|b Н. Ф.
|g Николай Федорович
|
| 701 |
|
1 |
|a Смирнова
|b Е. Е.
|g Екатерина Евгеньевна
|
| 701 |
|
1 |
|a Власенко
|b Л. В.
|g Лариса Васильевна
|
| 701 |
|
1 |
|a Иванова
|b И. А.
|g Ирина Анатольевна
|
| 701 |
|
1 |
|a Шилова
|b В. С.
|g Вера Сергеевна
|
| 701 |
|
1 |
|a Чекалина
|b Т. А.
|g Татьяна Александровна
|
| 701 |
|
1 |
|a Лосев
|b А. С.
|g Александр Сергеевич
|
| 701 |
|
1 |
|a Шабля
|b И. Н.
|g Иван Николаевич
|
| 701 |
|
1 |
|a Бернавская
|b М. В.
|g Майя Владимировна
|
| 701 |
|
1 |
|a Белянина
|b Л. А.
|g Любовь Алексеевна
|
| 701 |
|
1 |
|a Ильясова
|b И. С.
|g Ирина Сергеевна
|
| 701 |
|
1 |
|a Ильмушкин
|b Г. М.
|g Георгий Максимович
|
| 701 |
|
1 |
|a Судакова
|b Ю. Е.
|g Юлия Евгеньевна
|
| 701 |
|
1 |
|a Пархаева
|b О. В.
|g Ольга Валерьевна
|
| 701 |
|
1 |
|a Коняева
|b М. А.
|g Марина Алексеевна
|
| 701 |
|
1 |
|a Ахметвалиева
|b М. Г.
|g Мейсеря Гарафовна
|
| 701 |
|
1 |
|a Усанова
|b О. Г.
|g Ольга Григорьевна
|
| 701 |
|
1 |
|a Таратута
|b В. А.
|g Василий Александрович
|
| 701 |
|
1 |
|a Шевырева
|b Е. Г.
|g Елена Геннадиевна
|
| 701 |
|
1 |
|a Ротова
|b Н. А.
|g Наталья Александровна
|
| 701 |
|
1 |
|a Рассказов
|b Ф. Д.
|g Филипп Дементьевич
|
| 701 |
|
1 |
|a Нагорнова
|b А. Ю.
|g Анна Юрьевна
|
| 701 |
|
1 |
|a Прозументик
|b О. В.
|g Ольга Владимировна
|
| 701 |
|
1 |
|a Зорина
|b Н. А.
|g Наталья Анатольевна
|
| 701 |
|
1 |
|a Гиниятова
|b З. М.
|g Зульфия Мухтаровна
|
| 701 |
|
1 |
|a Шерайзина
|b Р. М.
|g Роза Моисеевна
|
| 701 |
|
1 |
|a Тращенкова
|b С. А.
|g Светлана Александровна
|
| 701 |
|
1 |
|a Донина
|b И. А.
|g Ирина Александровна
|
| 701 |
|
1 |
|a Александрова
|b М. В.
|g Марина Викторовна
|
| 701 |
|
1 |
|a Адамова (Лисейкина)
|b О. В.
|g Ольга Вячеславовна
|
| 701 |
|
1 |
|a Амельченко
|b Т. В.
|g Татьяна Васильевна
|
| 701 |
|
1 |
|a Лифанова
|b Т. Е.
|g Татьяна Евгеньевна
|
| 701 |
|
1 |
|a Голенкова
|b О. В.
|g Ольга Валерьевна
|
| 701 |
|
1 |
|a Гребенникова
|b Н. Б.
|g Наталья Борисовна
|
| 701 |
|
1 |
|a Абдулгалимов
|b Р. М.
|g Рамазан Меджидович
|
| 701 |
|
1 |
|a Абдулгалимова
|b Г. Н.
|g Гурият Нурахмедовна
|
| 701 |
|
1 |
|a Щастный
|b А. Т.
|g Анатолий Тадеушевич
|
| 701 |
|
1 |
|a Коневалова
|b Н. Ю.
|g Наталья Юрьевна
|
| 701 |
|
1 |
|a Городецкая
|b И. В.
|g Ирина Владимировна
|
| 701 |
|
1 |
|a Кунцевич
|b З. С.
|g Зинаида Степановна
|
| 701 |
|
1 |
|a Кугач
|b В. В.
|g Валентина Васильевна
|
| 701 |
|
1 |
|a Кабанова
|b С. А.
|g Светлана Алексеевна
|
| 701 |
|
1 |
|a Матухно
|b Е. В.
|g Елена Викторовна
|
| 701 |
|
1 |
|a Доника
|b А. Д.
|g Алена Димитриевна
|
| 701 |
|
1 |
|a Тенищева
|b В. Ф.
|g Вера Фёдоровна
|
| 701 |
|
1 |
|a Цыганко
|b Е. Н.
|g Елена Николаевна
|
| 701 |
|
1 |
|a Кузнецова
|b Ю. С.
|g Юлия Сергеевна
|
| 701 |
|
1 |
|a Лизунков
|b В. Г.
|c экономист
|c доцент Юргинского технологического института (филиала) Томского политехнического университета, кандидат педагогических наук
|f 1986-
|g Владислав Геннадьевич
|2 stltpush
|3 (RuTPU)RU\TPU\pers\31896
|9 15968
|
| 701 |
|
1 |
|a Малушко
|b Е. Ю.
|g Елена Юрьевна
|
| 702 |
|
1 |
|a Нагорнова
|b А. Ю.
|g Анна Юрьевна
|4 340
|
| 712 |
0 |
2 |
|a Национальный исследовательский Томский политехнический университет (ТПУ)
|b Юргинский технологический институт (филиал) (ЮТИ)
|b Кафедра экономики и автоматизироанных систем управления (ЭАСУ)
|h 360
|2 stltpush
|3 (RuTPU)RU\TPU\col\18900
|
| 801 |
|
1 |
|a RU
|b 63413507
|c 20150507
|
| 801 |
|
2 |
|a RU
|b 63413507
|c 20160520
|g RCR
|
| 942 |
|
|
|c BK
|